000 00553nam a2200193 4500
999 _c189922
_d189922
005 20220714152351.0
010 _aENG-133543
020 _c250.00
_a9789380828794
035 _aEN-117075
037 _bDBAD/PUB
082 _aS
100 _aChowdhury,K.L
245 _aFaith & Frenzy:
_bshort stories from kashmir/
_cby K.L.Chowdhury
260 _aNew Delhi
_bVitasta publishing
_c2012
270 _a2/15,Ansari Road, Daryaganj,
_bNew Delhi
_e110002
300 _a232p.
_c21cm(pbk)
700 _aSudershan,Chintapatla
942 _2ddc
_cEN
_hS
_mCHO